000 00239nam a22001097a 4500
003 SGT
082 _a340,JON
100 _aJONS,RICHARD
245 _a INTERNATIONAL YEAR BOOK ON LAW COMPUTERS &TECHNOLOGY
300 _a362
942 _2ddc
_cBK
999 _c11234
_d11234